[Event "Madrid Chamartin op 6th"]
[Site "Madrid"]
[Date "2017.09.05"]
[Round "2"]
[White "Perez Gonzalez, Daniel"]
[Black "Alfaya Marcelo, Roberto"]
[Result "1/2-1/2"]
[WhiteElo "1894"]
[BlackElo "2126"]
[PlyCount "120"]
[EventDate "2017.09.04"]
[EventType "swiss"]
[EventRounds "9"]
[EventCountry "ESP"]
[SourceTitle "CBM 180 Extra"]
[Source "ChessBase"]
[SourceDate "2017.10.06"]
[SourceVersion "1"]
[SourceVersionDate "2017.10.06"]
[SourceQuality "1"]

1. e4 c5 2. b3 Nc6 3. Bb2 e5 4. Bc4 d6 5. d3 g6 6. f4 Bg7 7. Bb5 Nge7 8. fxe5 0-0 9. Bxc6 Nxc6 10. Nf3 Bg4 11. Nbd2 Nxe5 12. Bxe5 Bxe5 13. Rc1 d5 14. 0-0 Bg7 15. h3 Be6 16. Re1 dxe4 17. Nxe4 b6 18. Qd2 Bd5 19. Qf4 f5 20. Ned2 Qf6 21. Nc4 Rfe8 22. a4 h6 23. Nd6 Red8 24. Nc4 Kh7 25. Ne3 Bg8 26. g4 fxg4 27. Qxf6 Bxf6 28. Nxg4 Bg7 29. Re7 Rf8 30. Rf1 Rf4 31. Nfe5 Rxf1+ 32. Kxf1 Rf8+ 33. Ke2 h5 34. Nd7 Rf7 35. Ngf6+ Kh8 36. Nxg8 Kxg8 37. Rxf7 Kxf7 38. Nb8 Ke6 39. Nc6 a6 40. b4 cxb4 41. Nxb4 a5 42. Na2 Bb2 43. Ke3 Kf5 44. c3 g5 45. Kf3 Ba3 46. Kg3 Bd6+ 47. Kf2 Bc5+ 48. Kg3 Be3 49. Kf3 Bd2 50. Ke2 Bf4 51. c4 g4 52. hxg4+ Kxg4 53. d4 h4 54. Kf2 Bd2 55. c5 bxc5 56. dxc5 Kf5 57. Ke2 Ke6 58. Kf3 Kd5 59. Kg4 Be1 60. Nc1 Bb4 1/2-1/2

[Event "La Mancha-ch"]
[Site "Valverde de Jucar"]
[Date "2017.07.08"]
[Round "5.5"]
[White "Tierraseca Montero, Pablo"]
[Black "Perez Gonzalez, Daniel"]
[Result "1/2-1/2"]
[WhiteElo "2164"]
[BlackElo "1860"]
[PlyCount "92"]
[EventDate "2017.07.06"]
[EventType "swiss"]
[EventRounds "6"]
[EventCountry "ESP"]
[SourceTitle "EXT 2024"]
[Source "ChessBase"]
[SourceDate "2023.10.10"]
[SourceVersion "1"]
[SourceVersionDate "2023.10.10"]
[SourceQuality "1"]

1. e4 c5 2. b3 g6 3. Bb2 Nf6 4. g3 Bg7 5. Bg2 d6 6. Nc3 Nc6 7. d3 0-0 8. h3 a6 9. f4 Rb8 10. Nge2 Qc7 11. g4 b5 12. g5 Nd7 13. Qd2 Nb6 14. 0-0 e6 15. Nd1 Bxb2 16. Nxb2 d5 17. Ng3 Ne7 18. Nd1 f5 19. gxf6 Rxf6 20. Rf3 Bb7 21. e5 Rf7 22. Nf2 Nf5 23. Ng4 Kh8 24. Bh1 Rbf8 25. Raf1 Nh4 26. R3f2 Nf5 27. Ne2 d4 28. c4 Bxh1 29. Kxh1 Qc6+ 30. Kg1 bxc4 31. bxc4 Nd7 32. Rb1 h5 33. Nf6 Nxf6 34. exf6 Ne3 35. Qa5 Rxf6 36. Rb6 Qc8 37. Rxa6 e5 38. Rxf6 Rxf6 39. Kh2 exf4 40. Qa7 Qe6 41. Qb8+ Kg7 42. Qc7+ Qf7 43. Qxc5 f3 44. Nxd4 Nd1 45. Rf1 Ne3 46. Rf2 Nd1 1/2-1/2

[Event "La Mancha-ch"]
[Site "Valverde de Jucar"]
[Date "2017.07.07"]
[Round "2.9"]
[White "Perez Gonzalez, Daniel"]
[Black "Fernandez Munoz, Jose Luis"]
[Result "1-0"]
[WhiteElo "1860"]
[BlackElo "1732"]
[PlyCount "63"]
[EventDate "2017.07.06"]
[EventType "swiss"]
[EventRounds "6"]
[EventCountry "ESP"]
[SourceTitle "EXT 2024"]
[Source "ChessBase"]
[SourceDate "2023.10.10"]
[SourceVersion "1"]
[SourceVersionDate "2023.10.10"]
[SourceQuality "1"]

1. e4 e5 2. Nf3 Nc6 3. Bc4 Nf6 4. d3 Be7 5. c3 d5 6. exd5 Nxd5 7. 0-0 Bg4 8. h3 Bh5 9. Nbd2 0-0 10. Qe1 Bd6 11. Bxd5 Qd7 12. Ng5 h6 13. Nge4 Rad8 14. Nb3 Ne7 15. Bxb7 Qb5 16. Nxd6 Rxd6 17. Be4 f5 18. c4 Qb8 19. Bd5+ Nxd5 20. cxd5 Rxd5 21. f4 exf4 22. Bxf4 g5 23. Bd2 Rxd3 24. Qe6+ Bf7 25. Qxh6 Qb6+ 26. Qxb6 axb6 27. Rxf5 Bxb3 28. Rxg5+ Kh7 29. Bc3 Be6 30. Rg7+ Kh6 31. Re7 Rxc3 32. Rxe6+ 1-0

[Event "La Mancha-ch"]
[Site "Valverde de Jucar"]
[Date "2017.07.07"]
[Round "3.6"]
[White "Trabazos Gallego, Javier"]
[Black "Perez Gonzalez, Daniel"]
[Result "1/2-1/2"]
[WhiteElo "1925"]
[BlackElo "1860"]
[PlyCount "66"]
[EventDate "2017.07.06"]
[EventType "swiss"]
[EventRounds "6"]
[EventCountry "ESP"]
[SourceTitle "EXT 2024"]
[Source "ChessBase"]
[SourceDate "2023.10.10"]
[SourceVersion "1"]
[SourceVersionDate "2023.10.10"]
[SourceQuality "1"]

1. e4 c5 2. d4 cxd4 3. c3 Nf6 4. e5 Nd5 5. Nf3 d6 6. Qxd4 e6 7. Nbd2 a6 8. exd6 Qxd6 9. Ne4 Qb6 10. Bc4 Qxd4 11. Nxd4 Nb6 12. Bb3 Be7 13. Be3 N8d7 14. 0-0 0-0 15. Rfe1 Bd8 16. Nd6 Nc5 17. Nxc8 Rxc8 18. Bc2 Nc4 19. Rab1 Bf6 20. Red1 Nxe3 21. fxe3 Rfd8 22. Nf3 b5 23. Kf1 Nb7 24. Rxd8+ Rxd8 25. Rd1 Rxd1+ 26. Bxd1 Nc5 27. Bc2 Nd7 28. Ke2 Nb6 29. Nd2 Kf8 30. Be4 Na4 31. Bb7 Nxb2 32. Bxa6 Na4 33. Ne4 Nxc3+ 1/2-1/2

[Event "La Mancha-ch"]
[Site "Valverde de Jucar"]
[Date "2017.07.06"]
[Round "1.2"]
[White "Picazo Lopez, Juan Antonio"]
[Black "Perez Gonzalez, Daniel"]
[Result "1-0"]
[WhiteElo "2202"]
[BlackElo "1860"]
[PlyCount "91"]
[EventDate "2017.07.06"]
[EventType "swiss"]
[EventRounds "6"]
[EventCountry "ESP"]
[SourceTitle "EXT 2024"]
[Source "ChessBase"]
[SourceDate "2023.10.10"]
[SourceVersion "1"]
[SourceVersionDate "2023.10.10"]
[SourceQuality "1"]

1. d4 Nf6 2. c4 c5 3. d5 b5 4. cxb5 a6 5. bxa6 g6 6. g3 Bxa6 7. Bg2 d6 8. Nh3 Bg7 9. 0-0 Nbd7 10. Nc3 Qa5 11. Bd2 0-0 12. Qc2 Rfb8 13. Rab1 Ne5 14. b3 Qa3 15. Bc1 Qb4 16. a3 Qb6 17. Nf4 Ne8 18. Bd2 Nc7 19. h4 Qa7 20. Bh3 Nb5 21. Nxb5 Bxb5 22. a4 Bd7 23. Bxd7 Qxd7 24. a5 Bf6 25. f3 g5 26. hxg5 Bxg5 27. Kg2 Bxf4 28. gxf4 Ng6 29. Rh1 e6 30. Rh5 Rb4 31. Rbh1 Rxf4 32. Rxh7 Rf6 33. Rh8+ Nxh8 34. Qh7+ Kf8 35. Qxh8+ Ke7 36. Qxa8 Rg6+ 37. Kf2 Qb5 38. dxe6 Rxe6 39. Bg5+ Kd7 40. Qd8+ Kc6 41. Qc8+ Kd5 42. Qa8+ Kd4 43. Rd1+ Kc3 44. Rd3+ Kc2 45. Rd2+ Kc3 46. Qd5 1-0

[Event "Madrid San Viator op-A 27th"]
[Site "Madrid"]
[Date "2016.10.09"]
[Round "3"]
[White "Perez Gonzalez, Daniel"]
[Black "Guillo Longares, Cecilia"]
[Result "0-1"]
[WhiteElo "1786"]
[BlackElo "1705"]
[PlyCount "110"]
[EventDate "2016.09.25"]
[EventType "swiss"]
[EventRounds "9"]
[EventCountry "ESP"]
[SourceTitle "EXT 2017"]
[Source "ChessBase"]
[SourceDate "2016.10.25"]
[SourceVersion "1"]
[SourceVersionDate "2016.10.25"]
[SourceQuality "1"]

1. Nf3 g6 2. g3 Bg7 3. Bg2 e5 4. d3 d6 5. 0-0 f5 6. Nbd2 Nf6 7. Re1 0-0 8. e4 f4 9. Nf1 fxg3 10. hxg3 Nc6 11. c3 d5 12. exd5 Nxd5 13. Qb3 Na5 14. Qa4 Nc6 15. Qc4 Na5 16. Qc5 b6 17. Qa3 Nc6 18. Bg5 Qd7 19. Nh4 Bb7 20. b4 e4 21. dxe4 Nxc3 22. Rac1 Qd4 23. Re3 Nb5 24. Qb3+ Kh8 25. a4 Nd6 26. b5 Na5 27. Qc2 Nac4 28. Rd3 Rxf2 29. Rxd4 Rxc2 30. Rxc4 Rxc4 31. Rxc4 Nxc4 32. Nf3 Bxe4 33. Bf4 Rf8 34. Ng5 Bxg2 35. Kxg2 Be5 36. Ne6 Rf7 37. Bg5 Nb2 38. Ne3 Nxa4 39. Ng4 Bg7 40. Bf4 Nc5 41. Nxc7 Nd3 42. Bd6 Rd7 43. Ne8 Rd8 44. Nxg7 Rxd6 45. Ne8 Rd5 46. Nc7 Rc5 47. Ne6 Rxb5 48. Nh6 Rh5 49. Nf7+ Kg8 50. Nfd8 Rd5 51. Kf3 Nc5 52. Nc6 Rd3+ 53. Ke2 Rxg3 54. Nxc5 bxc5 55. Nxa7 h5 0-1

[Event "ESP-ch U18"]
[Site "Salobrena"]
[Date "2015.07.29"]
[Round "4"]
[White "Arrese Igor Royuela, Alex"]
[Black "Perez Gonzalez, Daniel"]
[Result "0-1"]
[WhiteElo "1693"]
[BlackElo "1852"]
[PlyCount "72"]
[EventDate "2015.07.27"]
[EventType "swiss"]
[EventRounds "9"]
[EventCountry "ESP"]
[SourceTitle "EXT 2016"]
[Source "ChessBase"]
[SourceDate "2015.10.08"]
[SourceVersion "1"]
[SourceVersionDate "2015.10.08"]
[SourceQuality "1"]

1. d4 Nf6 2. Nf3 c5 3. e3 e6 4. Bd3 d5 5. c3 Be7 6. Nbd2 0-0 7. 0-0 b6 8. dxc5 bxc5 9. e4 Bb7 10. Re1 Nc6 11. Bc2 Qc7 12. Nb3 Rfd8 13. e5 Ne4 14. Bf4 a5 15. a4 c4 16. Nbd4 Nxd4 17. Nxd4 Rab8 18. Qg4 Bf8 19. Re3 g6 20. h4 h5 21. Qh3 Kh7 22. f3 Nc5 23. g4 Bh6 24. Qg3 Rg8 25. gxh5 Nd3 26. Bxh6 Kxh6 27. Qg5+ Kh7 28. h6 Ba6 29. Rb1 Qd8 30. Qg4 Qf8 31. Bxd3 cxd3 32. f4 Qxh6 33. Nf3 Qh5 34. Ng5+ Kg7 35. Nxe6+ fxe6 36. Qxe6 d2 0-1

[Event "Benidorm U16 op 9th"]
[Site "Benidorm"]
[Date "2013.12.07"]
[Round "5"]
[White "Capote Robayna, Johanna"]
[Black "Perez Gonzalez, Daniel"]
[Result "1/2-1/2"]
[WhiteElo "1779"]
[BlackElo "1557"]
[PlyCount "102"]
[EventDate "2013.12.05"]
[EventType "swiss"]
[EventRounds "6"]
[EventCountry "ESP"]
[SourceTitle "EXT 2015"]
[Source "ChessBase"]
[SourceDate "2014.11.20"]
[SourceVersion "1"]
[SourceVersionDate "2014.11.20"]
[SourceQuality "1"]

1. e4 c6 2. d4 d5 3. Nc3 dxe4 4. Nxe4 Bf5 5. Ng3 Bg6 6. h4 h6 7. h5 Bh7 8. Nf3 Nd7 9. Bd3 Bxd3 10. Qxd3 Qc7 11. 0-0 Ngf6 12. c4 e6 13. Re1 Be7 14. Ne5 Nxe5 15. dxe5 Nd7 16. Bf4 Rd8 17. Qc3 Nc5 18. Rad1 0-0 19. b4 Na6 20. a3 Rxd1 21. Rxd1 Rd8 22. Rd2 Rxd2 23. Qxd2 Qd8 24. Qxd8+ Bxd8 25. Ne4 Be7 26. Nd6 Bxd6 27. exd6 Nb8 28. Kf1 f6 29. Ke2 Kf7 30. Be3 b6 31. a4 Nd7 32. c5 bxc5 33. bxc5 e5 34. Kd3 f5 35. Kc4 Nf6 36. Kb4 Nd5+ 37. Ka5 Nc3 38. f4 e4 39. Bd4 Nd5 40. Bxg7 e3 41. Bd4 e2 42. Bf2 Nxf4 43. Bh4 Ke6 44. Ka6 Nd3 45. Kb7 Kd7 46. Kxa7 Nxc5 47. a5 Kxd6 48. Kb6 Na4+ 49. Kb7 Nc5+ 50. Kb6 Na4+ 51. Kb7 Nc5+ 1/2-1/2

[Event "Madrid San Viator op 21st"]
[Site "Madrid"]
[Date "2013.11.03"]
[Round "7"]
[White "Garcia Martin, Juan Manuel"]
[Black "Perez Gonzalez, Daniel"]
[Result "1-0"]
[WhiteElo "1797"]
[BlackElo "1546"]
[PlyCount "97"]
[EventDate "2013.09.29"]
[EventType "swiss"]
[EventRounds "9"]
[EventCountry "ESP"]
[SourceTitle "EXT 2015"]
[Source "ChessBase"]
[SourceDate "2014.11.20"]
[SourceVersion "1"]
[SourceVersionDate "2014.11.20"]
[SourceQuality "1"]

1. d4 Nf6 2. Nf3 c5 3. c3 e6 4. Bg5 Be7 5. e3 Nc6 6. Bxf6 Bxf6 7. d5 exd5 8. Qxd5 d6 9. Bb5 Qc7 10. 0-0 Be6 11. Qd2 0-0 12. Na3 a6 13. Ba4 Bg4 14. Bd1 b5 15. Rc1 Rab8 16. b4 a5 17. bxc5 dxc5 18. Qc2 Be6 19. Be2 c4 20. Nd4 Nxd4 21. exd4 Rb6 22. Rfd1 Bd5 23. Qf5 Qb7 24. Nc2 Be4 25. Qg4 Be7 26. f3 f5 27. Qg3 Rg6 28. Qf2 Bd5 29. Ne3 Rff6 30. Nxd5 Qxd5 31. Bf1 Qd6 32. Re1 Rh6 33. Re5 Re6 34. f4 Rxe5 35. fxe5 Qd7 36. a4 Qe6 37. axb5 Rxh2 38. Bxc4 Qxc4 39. Kxh2 Qe6 40. Rb1 Bg5 41. Qf3 Bd8 42. c4 Qxc4 43. Qb3 Qxb3 44. Rxb3 Bb6 45. d5 Kf7 46. Rc3 a4 47. Ra3 Bc5 48. e6+ Ke7 49. Rxa4 1-0

[Event "Madrid San Viator op 21st"]
[Site "Madrid"]
[Date "2013.10.20"]
[Round "5"]
[White "Rodriguez Orgaz, Cesar"]
[Black "Perez Gonzalez, Daniel"]
[Result "1-0"]
[WhiteElo "1820"]
[BlackElo "1546"]
[PlyCount "131"]
[EventDate "2013.09.29"]
[EventType "swiss"]
[EventRounds "9"]
[EventCountry "ESP"]
[SourceTitle "EXT 2015"]
[Source "ChessBase"]
[SourceDate "2014.11.20"]
[SourceVersion "1"]
[SourceVersionDate "2014.11.20"]
[SourceQuality "1"]

1. e4 c6 2. d4 d5 3. Nc3 dxe4 4. Nxe4 Bf5 5. Ng3 Bg6 6. h4 h6 7. Nf3 Nd7 8. h5 Bh7 9. Bd3 Bxd3 10. Qxd3 Qc7 11. Bd2 Ngf6 12. 0-0-0 e6 13. Kb1 Bd6 14. Ne4 Nxe4 15. Qxe4 Nf6 16. Qh4 0-0-0 17. Rhe1 Rhg8 18. Bxh6 Nxh5 19. Bg5 Nf6 20. Bxf6 gxf6 21. Qxf6 Rxg2 22. Ne5 Bxe5 23. dxe5 Rg6 24. Rxd8+ Qxd8 25. Qxf7 Rh6 26. a3 Kb8 27. Rg1 Rh8 28. Qxe6 Qd4 29. Rg8+ Rxg8 30. Qxg8+ Kc7 31. Qf7+ Kb6 32. Qb3+ Kc7 33. Qg3 Qd1+ 34. Ka2 Qd5+ 35. b3 Qe4 36. e6+ Kc8 37. Qg8+ Kc7 38. Qg7+ Kb6 39. Qc3 Qxe6 40. Qe3+ Qxe3 41. fxe3 Kc5 42. Kb2 Kd5 43. Kc3 Ke4 44. Kd2 c5 45. c4 a6 46. a4 a5 47. Ke2 Ke5 48. Kf3 b6 49. Kf2 Kf5 50. Kf3 Ke5 51. e4 Kd4 52. Kf4 Kc3 53. e5 Kxb3 54. e6 Kxa4 55. e7 Kb4 56. e8Q Kxc4 57. Qa4+ Kd3 58. Qb5+ c4 59. Qxb6 c3 60. Qxa5 c2 61. Qd5+ Ke2 62. Qc4+ Kd2 63. Qd4+ Kc1 64. Ke3 Kb1 65. Qb4+ Kc1 66. Kd3 1-0